Golden Globe Winners for Best Actress in a Miniseries or TV Film - Statistics

General Stats
  • This quiz has been taken 20 times
  • The average score is 20 of 43
Answer Stats
Year Program Actor % Correct
2020 The Queen's Gambit Anya Taylor-Joy
100%
2021 Mare of Easttown Kate Winslet
86%
2011 Mildred Pierce Kate Winslet
86%
2023 Beef Ali Wong
79%
2017 Big Little Lies Nicole Kidman
79%
2016 The People v. O.J. Simpson: American Crime Story Sarah Paulson
79%
2015 American Horror Story: Hotel Lady Gaga
71%
2003 Angels in America Meryl Streep
71%
2019 Fosse/Verdon Michelle Williams
64%
2022 The Dropout Amanda Seyfried
57%
1998 Gia Angelina Jolie
57%
1995 A Streetcar Named Desire Jessica Lange
57%
2000 The Last of the Blonde Bombshells Judi Dench
57%
2008 John Adams Laura Linney
57%
2004 The Lion in Winter Glenn Close
50%
2006 Elizabeth I Helen Mirren
50%
1996 Losing Chase Helen Mirren
50%
2001 Garland: Me and My Shadows Judy Davis
50%
1991 One Against the Wind Judy Davis
50%
2012 Game Change Julianne Moore
50%
2010 Temple Grandin Claire Danes
43%
1999 Introducing Dorothy Dandridge Halle Berry
43%
2018 Escape at Dannemora Patricia Arquette
43%
2013 Top of the Lake Elisabeth Moss
36%
1997 Miss Evers' Boys Alfre Woodard
29%
1988 The Ann Jillian Story Ann Jillian
29%
1993 Gypsy Bette Midler
29%
1989 No Place Like Home Christine Lahti
29%
2009 Grey Gardens Drew Barrymore
29%
1982 A Woman Called Golda Ingrid Bergman
29%
1994 Breathing Lessons Joanne Woodward
29%
1992 Afterburn Laura Dern
29%
2014 The Honourable Woman Maggie Gyllenhaal
29%
2007 Life Support Queen Latifah
29%
2005 Lackawanna Blues S. Epatha Merkerson
29%
2002 Hysterical Blindness Uma Thurman
29%
1984 A Streetcar Named Desire Ann-Margret
21%
1983 Who Will Love My Children? Ann-Margret
21%
1990 A Killing in a Small Town Barbara Hershey
21%
1987 The Betty Ford Story Gena Rowlands
21%
1981 East of Eden Jane Seymour
21%
1985 A Time to Live Liza Minnelli
21%
1986 Christmas Eve Loretta Young
14%
No matching quizzes found
Score Distribution
Percent of People with Each Score
Percentile by Number Answered
Your Score History
You have not taken this quiz